00623nam a2200157Ia 4500008004100000020001800041041000800059082001700067100007100084245011200155250000600267260003900273300000800312999001900320952012600339210716s2014 xx 000 0 und d a9789332518346 aeng a658.401 ANUR aAnupindi, Ravi; Chopra, Sunil; Deshmukh, Sudhakar D; Zemel, Eitan. aManaging business process flows: principles of operations management.bPrinciples of operations management. a1 aNew DelhibPearson Educationc2014 a344 c209624d209624 001040708MBAaAIMITbAIMITd2016-02-16g625.00l0o658.401 ANURpMBA12190r2026-05-23 00:00:00v500.00w2021-07-16yBK